000 00328nam a22001337a 4500
020 _a0-333-40896-9
082 _a621.381 HAV'E
100 _aWALTON, A. K, HAVILL, R. L
_965748
245 _aELECTRICAL OF ELECTRONICS, FOR PHYSICAL SCIENTISTS
250 _a2N
260 _aLONDON
_bELBS
_c1985
300 _a464P
942 _cBK
999 _c573870
_d573870